| Tag |
First Indicator |
Second Indicator |
Subfields |
| LEADER |
00000cam a2200000Ia 4500 |
| 001 |
in00002276607 |
| 005 |
20190326185927.0 |
| 006 |
m | d | |
| 007 |
cr |n||||||||n |
| 008 |
880209s1826 ru s 000 0 ger d |
| 040 |
|
|
|a TXA
|c GKR
|d OCL
|d Thomson Gale
|d UtOrBLW
|
| 043 |
|
|
|a en-----
|a ec-----
|
| 100 |
1 |
|
|a Hagen, G.
|q (Gotthilf Heinrich Ludwig),
|d 1797-1884.
|
| 245 |
1 |
0 |
|a Beschreibung neurer Wasserbauwerke in Deutschland, Frankreich, den Niederlanden und der Schwiez /
|c von G. Hagen ; mit zwei erläuternden kupfertafeln.
|
| 264 |
|
1 |
|a Königsberg :
|b Gebrüder Bornträger,
|c 1826.
|
| 300 |
|
|
|a vi, 287 pages, 2 unnumbered folded leaves of plates ;
|c 22 cm.
|
| 336 |
|
|
|a text
|b txt
|2 rdacontent
|
| 337 |
|
|
|a computer
|b c
|2 rdamedia
|
| 338 |
|
|
|a online resource
|b cr
|2 rdacarrier
|
| 500 |
|
|
|a Errata inserted.
|
| 500 |
|
|
|a Reproduction of original from Kress Library of Business and Economics, Harvard University.
|
| 500 |
|
|
|a Goldsmiths'-Kress number 25151.6.
|
| 510 |
4 |
|
|a OCLC,
|c 17453935
|
| 533 |
|
|
|a Electronic reproduction.
|b Farmington Hills, Mich. :
|c Thomson Gale,
|d 2005.
|f (The making of the modern world).
|n Available via the World Wide Web.
|n Access limited to licensing agreements.
|7 s2005 miunns
|
| 500 |
|
|
|a Electronic resource.
|
| 650 |
|
0 |
|a Waterworks
|z Germany.
|
| 650 |
|
0 |
|a Waterworks
|z France.
|
| 650 |
|
0 |
|a Waterworks
|z Netherlands.
|
| 650 |
|
0 |
|a Waterworks
|z Switzerland.
|
| 655 |
|
0 |
|a Electronic books.
|
| 830 |
|
0 |
|a Making of the modern world (Goldsmiths'-Kress Library of Economic Literature)
|
| 856 |
4 |
0 |
|u http://proxy.library.tamu.edu/login?url=http://galenet.galegroup.com/servlet/MOME?af=RN&ae=U110340222&srchtp=a&ste=14&locID=txshracd2898
|z Connect to the full text of this electronic book
|t 0
|
| 999 |
|
|
|a MARS
|
| 999 |
f |
f |
|s c66335cf-56ad-396e-ad2f-35486e76eb88
|i da0e4301-a6dd-3689-ad95-ee429da1a8f9
|t 0
|
| 952 |
f |
f |
|a Texas A&M University
|b College Station
|c Electronic Resources
|d Available Online
|t 0
|h No information provided
|
| 998 |
f |
f |
|t 0
|l Available Online
|